| 000 | 00572nam a2200217Ia 4500 | ||
|---|---|---|---|
| 003 | OSt | ||
| 005 | 20220925215324.0 | ||
| 006 | a|||||r|||| 00| 0 | ||
| 007 | ta | ||
| 008 | 220923b |||||||| |||| 00| 0 eng d | ||
| 037 | _cGeneral Book | ||
| 040 |
_aRTL _cRTL _beng |
||
| 041 |
_2eng _aeng |
||
| 082 | _aX:9.561.N54r, J6 | ||
| 245 | 0 | _aReport on Gibraltar,1954 and 55. | |
| 260 |
_aLondon _bHer Majesty _c1956 |
||
| 300 |
_a64p. _ccm. |
||
| 500 | _aAppendix :63-64p. | ||
| 942 |
_hX:9.561.N54r, J6 _cGB _2CC |
||
| 999 |
_c568515 _d568515 |
||